Телеграммы с ходатайствами разных лиц (Напах - Нудел) об изменении судебных приговоров

Доступно только в Электронных читальных залах Найти на картеНа карте
RUSMARC
00004118nac2a22003011x 450
0019654d2c3-ba90-4b4e-8505-59d9055831fb
00520160228050431.0
100##$a20160113l19201920k y0rusy50 ca
1010#$arus
102##$aRU
105##$ay z |||||
1222#$ad19200220
$ad19201106
2001#$aТелеграммы с ходатайствами разных лиц (Напах - Нудел) об изменении судебных приговоров
$j20 февраля - 6 ноября 1920
215##$a28 листов
251##$cДело
300##$aЗаголовок дела на папке: Телеграммы с ходатайствами разных лиц об ускорении следствия и изменении судебных приговоров (Напах - Нудел)
300##$aРукописный и машинописный текст
324##$aВ деле имеются копии отдельных документов
330##$aВходит в раздел описи: V. Бюро телеграмм. 2. Жалобы и заявления
461#0$1001ad6baeac-e292-4829-90d1-2f4f65796a62
$12001
$aСОВЕТ НАРОДНЫХ КОМИССАРОВ РСФСР (СНК РСФСР)
$1251
$cФонд
$1852
$j130
$gР
462#0$10017393eac8-aea5-4181-b014-0a5beab45138
$12001
$a1920 г.
$vД. 443
$1251
$cОпись
$1852
$j4
5171#$aТелеграммы с ходатайствами разных лиц об ускорении следствия и изменении судебных приговоров (Напах - Нудел)
600#1$aНапах
600#1$aНудел
60101$3RU\NLR\AUTH\661074810
$aРСФСР
$bСовет Народных Комиссаров
801#0$aRU
$bGA_RF
801#1$aRU
$bНПО Опыт
$c20160113
$2rusmarc
801#2$aRU
$bПБ им. Б.Н. Ельцина
$c20160228
$gRCR
$2rusmarc
852##$aГА РФ
$j443
937##$d65370943
$hПБ
035##$aRuPRLIB51036178
Формат отображения